00769nam a2200205Ia 4500003000900000008004100009020001800050040001600068080001800084110003000102111006600132245018500198260004500383300001500428490001500443650004100458700002200499700001800521700002400539IN-BaIIA211028s9999 xx 000 0 eng d a92-9092-780-1 cIIA Library a524.3-52bSTA aEuropean Space Laboratory aESLAB Symposiumn33 rdcNoordwijk, Netherlandsd1999 Nov. 2-5 0aStar formation from the small to the large scalebproceedings of 33rd ESLAB symposium held in Noordwijk, Netherlands, November 2-5, 1999cedited by F. Favata, A. Kass and A. Wilson aNetherlandsbEuropean Space Agencyc2000 axiv, 583p. aESA SP-445 aStar formation- local, high redshift aFabio Favata, ed. aKaas, A., ed. aWilson, Andrew, ed.